Mga kinagigiliwang kuwento. Rapunsel : (Record no. 3368)
[ view plain ]
| 000 -LEADER | |
|---|---|
| fixed length control field | 00533nam a22001697a 4500 |
| 003 - CONTROL NUMBER IDENTIFIER | |
| control field | OSt |
| 005 - DATE AND TIME OF LATEST TRANSACTION | |
| control field | 20140310181754.0 |
| 008 - FIXED-LENGTH DATA ELEMENTS--GENERAL INFORMATION | |
| fixed length control field | 130629t xxu||||| |||| 00| 0 eng d |
| 050 ## - LIBRARY OF CONGRESS CALL NUMBER | |
| Classification number | PZ 90 |
| Item number | .So727 1968 |
| 082 ## - DEWEY DECIMAL CLASSIFICATION NUMBER | |
| Classification number | FIL 398.21 |
| Item number | So8 199 |
| 100 ## - MAIN ENTRY--PERSONAL NAME | |
| Personal name | Southgate, Vera |
| 245 ## - TITLE STATEMENT | |
| Title | Mga kinagigiliwang kuwento. Rapunsel : |
| Remainder of title | isang madaling-basahing aklat ng Ladybird / |
| Statement of responsibility, etc | Vera Southgate. |
| 260 ## - PUBLICATION, DISTRIBUTION, ETC. (IMPRINT) | |
| Place of publication, distribution, etc | Loughborough : |
| Name of publisher, distributor, etc | Wills at Hepworth Ltd, |
| Date of publication, distribution, etc | c1968. |
| 300 ## - PHYSICAL DESCRIPTION | |
| Extent | 50 p. : |
| Other physical details | col. : ill. ; |
| Dimensions | 18 cm. |
| 942 ## - ADDED ENTRY ELEMENTS (KOHA) | |
| Source of classification or shelving scheme | Library of Congress Classification |
| Koha item type | Books |
| Withdrawn status | Lost status | Source of classification or shelving scheme | Damaged status | Home library | Current library | Shelving location | Date acquired | Total Checkouts | Full call number | Barcode | Date last seen | Copy number | Price effective from | Koha item type |
|---|---|---|---|---|---|---|---|---|---|---|---|---|---|---|
| Library of Congress Classification | Luxembourg Library | Luxembourg Library | Filipiniana Section | 06/29/2013 | PZ 90 .So727 1968 | 11168 | 05/25/2015 | 1 | 06/29/2013 | Books |